[Event "Piremon Nyirsegi Torna op"]
[Site "Nyiregyhaza"]
[Date "2002.07.07"]
[Round "9"]
[White "Revesz, Istvan"]
[Black "Gal, Lajos Jr"]
[Result "0-1"]
[WhiteElo "2118"]
[BlackElo "2172"]
[PlyCount "86"]
[EventDate "2002.06.29"]
[EventType "swiss"]
[EventRounds "9"]
[EventCountry "HUN"]
[SourceTitle "EXT 2004"]
[Source "ChessBase"]
[SourceDate "2003.11.25"]
[SourceVersion "1"]
[SourceVersionDate "2003.11.25"]
[SourceQuality "1"]

1. e4 e5 2. Nc3 Nf6 3. Nf3 Bb4 4. Bc4 d6 5. d3 Bg4 6. Bg5 c6 7. 0-0 0-0 8. h3 Bh5 9. g4 Bg6 10. Nh2 a5 11. a4 Bc5 12. Ne2 Nbd7 13. Qd2 Qc7 14. Kg2 d5 15. exd5 cxd5 16. Bb3 Qc6 17. f3 e4 18. Bxf6 Nxf6 19. Nf4 Bb6 20. g5 e3 21. Qe2 Nh5 22. Nxh5 Bxh5 23. Ng4 Rfe8 24. c3 d4 25. cxd4 Bxd4 26. Rac1 Qb6 27. Rc4 Rac8 28. Rfc1 Rc6 29. Rxc6 bxc6 30. Bd1 c5 31. b3 Qb8 32. Rb1 Qf4 33. h4 f5 34. Kh3 fxg4+ 35. fxg4 Bg6 36. Bc2 Be5 37. Rg1 Bf7 38. Qg2 Be6 39. Bd1 Rf8 40. Be2 Qf2 41. Bd1 g6 42. Be2 Kg7 43. Bd1 Bd5 0-1

[Event "Piremon Nyirsegi Torna op"]
[Site "Nyiregyhaza"]
[Date "2002.07.03"]
[Round "5"]
[White "Mester, Gyula"]
[Black "Gal, Lajos Jr"]
[Result "1-0"]
[WhiteElo "2419"]
[BlackElo "2172"]
[PlyCount "119"]
[EventDate "2002.06.29"]
[EventType "swiss"]
[EventRounds "9"]
[EventCountry "HUN"]
[SourceTitle "EXT 2004"]
[Source "ChessBase"]
[SourceDate "2003.11.25"]
[SourceVersion "1"]
[SourceVersionDate "2003.11.25"]
[SourceQuality "1"]

1. d4 d5 2. c4 dxc4 3. e3 Be6 4. Na3 c6 5. Nxc4 Nf6 6. Nf3 g6 7. Bd3 Bg7 8. 0-0 0-0 9. b4 Bd5 10. Bb2 Be4 11. Be2 h6 12. Nfd2 Bd5 13. Qc2 Nbd7 14. e4 Bxc4 15. Nxc4 Nb6 16. Ne5 Rb8 17. a4 Nc8 18. Rfd1 Qb6 19. Nc4 Qc7 20. Ne3 Qf4 21. Bf3 Nd7 22. Qe2 e6 23. g3 Qg5 24. h4 Qd8 25. Ba3 Re8 26. Rac1 Bf8 27. a5 Nd6 28. Bb2 a6 29. Nc4 Nb5 30. Ba1 Qe7 31. d5 exd5 32. Qb2 d4 33. Rxd4 Nxd4 34. Qxd4 f6 35. h5 g5 36. Ne3 Ne5 37. Be2 Qxb4 38. Bc4+ Kh7 39. Qd1 Rbd8 40. Qf1 Qd2 41. Rb1 Re7 42. Bb3 Qd3 43. Qc1 Qd2 44. Qf1 Qd3 45. Qc1 Qd2 46. Qf1 Qd3 47. Qc1 Qd2 48. Qf1 Qd3 49. Bc2 Qxf1+ 50. Kxf1 Bg7 51. f4 Nd3 52. Rd1 Red7 53. e5 fxe5 54. fxe5 Kg8 55. e6 Bxa1 56. exd7 Nc5 57. Rxa1 Rxd7 58. Ke2 Kg7 59. Nf5+ Kf6 60. Nxh6 1-0

[Event "Piremon Nyirsegi Torna op"]
[Site "Nyiregyhaza"]
[Date "2002.06.30"]
[Round "2"]
[White "Gal, Lajos Jr"]
[Black "Kiss, Sandor"]
[Result "1-0"]
[WhiteElo "2172"]
[BlackElo "2075"]
[PlyCount "109"]
[EventDate "2002.06.29"]
[EventType "swiss"]
[EventRounds "9"]
[EventCountry "HUN"]
[SourceTitle "EXT 2004"]
[Source "ChessBase"]
[SourceDate "2003.11.25"]
[SourceVersion "1"]
[SourceVersionDate "2003.11.25"]
[SourceQuality "1"]

1. f4 d5 2. Nf3 Nf6 3. b3 c5 4. e3 Nc6 5. Bb5 Bd7 6. Bb2 e6 7. Bxc6 Bxc6 8. Ne5 d4 9. Nxc6 bxc6 10. Qf3 Qd5 11. c4 Qxf3 12. gxf3 0-0-0 13. Na3 Nd7 14. Ke2 f6 15. Rag1 e5 16. fxe5 fxe5 17. Nc2 Be7 18. Ne1 Bf6 19. Nd3 Kc7 20. Ba3 Kb6 21. b4 cxb4 22. Nxb4 c5 23. Nd5+ Kc6 24. e4 Nf8 25. Rb1 Ne6 26. Rb5 Rb8 27. Rhb1 Rxb5 28. Rxb5 Ra8 29. d3 Bd8 30. Bc1 Bc7 31. Bd2 a6 32. Rb3 Ra7 33. Rb1 Bd8 34. f4 exf4 35. Nxf4 Nxf4+ 36. Bxf4 Bc7 37. Bxc7 Kxc7 38. a4 Rb7 39. Rxb7+ Kxb7 40. Kf3 Kc7 41. Kf4 Kd6 42. Kf5 Ke7 43. Ke5 h5 44. Kd5 g5 45. Ke5 g4 46. Kf5 Kd6 47. Kg5 Ke5 48. Kxh5 Kf4 49. Kh4 Ke3 50. e5 Kxd3 51. e6 Kxc4 52. e7 d3 53. e8Q d2 54. Qe2+ Kc3 55. Kxg4 1-0